Our solar system (Record no. 10616)

MARC details
000 -LEADER
fixed length control field 00631nam a2200205Ia 4500
003 - CONTROL NUMBER IDENTIFIER
control field IN-BaIIA
008 - FIXED-LENGTH DATA ELEMENTS--GENERAL INFORMATION
fixed length control field 211028s9999 xx 000 0 eng d
020 ## - INTERNATIONAL STANDARD BOOK NUMBER
International Standard Book Number 81-224-0408-1
040 ## - CATALOGING SOURCE
Transcribing agency IIA Library
080 ## - UNIVERSAL DECIMAL CLASSIFICATION NUMBER
Universal Decimal Classification number 523
Item number JOS
100 ## - MAIN ENTRY--PERSONAL NAME
Personal name Joshi, Avinash Wasudeo
9 (RLIN) 18105
245 #0 - TITLE STATEMENT
Title Our solar system
Statement of responsibility, etc. Avinash Wasudeo Joshi and Narayan Chandra Rana
260 ## - PUBLICATION, DISTRIBUTION, ETC.
Place of publication, distribution, etc. New Delhi
Name of publisher, distributor, etc. Wiley Eastern
Date of publication, distribution, etc. 1992
300 ## - PHYSICAL DESCRIPTION
Extent 141p.
650 ## - SUBJECT ADDED ENTRY--TOPICAL TERM
Topical term or geographic name entry element Astronomy and astrophysics thesaurus
650 ## - SUBJECT ADDED ENTRY--TOPICAL TERM
Topical term or geographic name entry element Planetary systems
9 (RLIN) 965
650 ## - SUBJECT ADDED ENTRY--TOPICAL TERM
Topical term or geographic name entry element Solar system
700 ## - ADDED ENTRY--PERSONAL NAME
Personal name Rana, Narayan Chandra
9 (RLIN) 17596
942 ## - ADDED ENTRY ELEMENTS (KOHA)
Koha item type Books
Holdings
Withdrawn status Lost status Damaged status Not for loan Home library Current library Shelving location Date acquired Cost, normal purchase price Total Checkouts Full call number Barcode Date last seen Cost, replacement price Price effective from Koha item type Purchase Price
        IIA Library-Bangalore IIA Library-Bangalore General Stacks 10/03/1993 250.00   523/ JOS 11527 05/11/2021 250.00 10/03/1993 Books Rs. 250.00

Powered by Koha